|
|
|
|
| LEADER |
00000nam a2200000 a 4500 |
| 001 |
vtls001314093 |
| 003 |
SK-MaSNL |
| 005 |
20260331203855.0 |
| 008 |
251124s1997 PL a 0 pol |
| 020 |
|
|
|a 8385349928
|c [60,00]
|
| 035 |
|
|
|a SNK000266528
|
| 040 |
|
|
|a SNK
|b slo
|c SNK
|e AACR2
|
| 044 |
|
|
|a PL
|
| 080 |
|
|
|a 027.2(438-21)(091)"18"
|2 1981
|
| 100 |
1 |
|
|a Pszczółkowska, Z. Lidia
|4 zos
|9 682778
|
| 245 |
1 |
|
|a " ... tak bogata w rzeczy polskie skarbnica ... "
|b Biblioteka Gdańska w oczach uczonych polskich 19 wieku
|c wybór tekstów i komentarz Z. Lidia Pszczółkowska
|
| 260 |
|
|
|a Gdańsk
|b Marpress
|c 1997
|
| 300 |
|
|
|a 99 s.
|c 20 cm
|
| 610 |
0 |
7 |
|a Knižnica Poľskej akadémie vied
|a Gdańsk, Poľsko
|x dejiny
|y stor. 19.
|2 SNK
|9 682779
|
| 611 |
1 |
7 |
|a Knižnica Poľskej akadémie vied
|a Gdańsk, Poľsko
|x dejiny
|y stor. 19.
|2 SNK
|9 682780
|
| 919 |
|
|
|a 83-85349-92-8
|
| 999 |
|
|
|c 1059913
|d 1061843
|
| 952 |
|
|
|t P60, <04>, [BOOK], {604}
|a SNK
|b SNK
|y VYP
|7 0
|p 17A0112180
|o snkID 96247
|i snkV 2909/97
|0 0
|1 0
|4 0
|d 1997-12-10
|l 0
|r 2005-01-02 00:00:00
|w 2026-02-24
|